|
|
|
|
| LEADER |
00000nam a2200000 a 4500 |
| 001 |
vtls001416291 |
| 003 |
SK-MaSNL |
| 005 |
20260301012641.0 |
| 008 |
251113s2001 DE r 0 ger |
| 020 |
|
|
|c [20,00]
|
| 035 |
|
|
|a SNK000371043
|
| 040 |
|
|
|a SNK
|b slo
|c SNK
|e AACR2
|
| 044 |
|
|
|a DE
|
| 080 |
|
|
|a 334.74(4)
|2 1981
|
| 100 |
1 |
|
|a Preller, Sabine
|4 aut
|9 298024
|
| 245 |
1 |
|
|a Zukunft des Handwerks in Europa
|c von Sabine Preller
|
| 260 |
|
|
|a Bonn
|b Inter Nationes
|c 2001
|
| 300 |
|
|
|a 15 s.
|c 30 cm
|
| 490 |
1 |
|
|a Basis-Info. Wirtschaft
|v 13/2001
|
| 500 |
|
|
|a Obalový názov
|
| 650 |
0 |
7 |
|a podniky malé priemyselné
|x budúcnosť
|x štúdie
|z Európa
|2 SNK
|9 298025
|
| 650 |
0 |
7 |
|a remeslá
|x budúcnosť
|x štúdie
|z Európa
|2 SNK
|9 298026
|
| 830 |
|
0 |
|a Basis-Info. Wirtschaft
|9 295600
|
| 999 |
|
|
|c 554039
|d 555969
|
| 952 |
|
|
|t P60, <04>, [BOOK], {604}
|a SNK
|b SNK
|y VYP
|7 0
|p 17A0303661
|o snkOIB 2563
|i snkV 982/2001
|0 0
|1 0
|4 0
|d 2001-07-09
|l 0
|r 2005-01-02 00:00:00
|w 2026-02-23
|